Panaghiusa Multipurpose Hall : (Record no. 6207)

MARC details
000 -LEADER
fixed length control field 03996nam a22003857a 4500
003 - CONTROL NUMBER IDENTIFIER
control field OSt
005 - DATE AND TIME OF LATEST TRANSACTION
control field 20260601152353.0
007 - PHYSICAL DESCRIPTION FIXED FIELD--GENERAL INFORMATION
fixed length control field a
008 - FIXED-LENGTH DATA ELEMENTS--GENERAL INFORMATION
fixed length control field 260601b |||||||| |||| 00| 0 eng d
040 ## - CATALOGING SOURCE
Original cataloging agency Foundation University
Language of cataloging eng
Transcribing agency Foundation University
Modifying agency Foundation University
Description conventions rda
050 ## - LIBRARY OF CONGRESS CALL NUMBER
Classification number DAFA (Arch-Th) LG 221 D35 A73
Item number A5 A73 2014 D53
100 ## - MAIN ENTRY--PERSONAL NAME
Personal name Dicen, Rhea Mae M.,
Relator term author.
9 (RLIN) 12983
245 00 - TITLE STATEMENT
Title Panaghiusa Multipurpose Hall :
Remainder of title buniting a displaced community /
Statement of responsibility, etc. by Rhea Mae M. Dicen, Leigh Margareth B. Lagrimas, and Daryl L. Suasin.
260 ## - PUBLICATION, DISTRIBUTION, ETC.
Place of publication, distribution, etc. Dumaguete City :
Name of publisher, distributor, etc. Foundation University ;
Date of publication, distribution, etc. 2014.
264 ## - PRODUCTION, PUBLICATION, DISTRIBUTION, MANUFACTURE, AND COPYRIGHT NOTICE
Copyright Date 2014.
300 ## - PHYSICAL DESCRIPTION
Materials specified thesis
Extent xi, 131 leaves :
Other physical details ill. (some color.) ;
Dimensions 22 cm.
Type of unit leaves
336 ## - CONTENT TYPE
Materials specified rdacontent
Content type term text
Content type code txt
337 ## - MEDIA TYPE
Materials specified rdamedia
Media type term unmediated
Media type code n
338 ## - CARRIER TYPE
Source rdacarrier
Materials specified DAFA-Arch-Th
Carrier type term volume
Carrier type code nc
490 ## - SERIES STATEMENT
Series statement DAFA-Arch-Th
502 ## - DISSERTATION, THESIS NOTE
Dissertation note Undergraduate thesis (Bachelor of Science in Architecture) -- Foundation University, 2014.
504 ## - BIBLIOGRAPHY, ETC. NOTE
Bibliography, etc. note Includes bibliographical references, appendixes and photographs.
520 ## - ABSTRACT.
Abstract ABSTRACT<br/>This thesis shows how the designers helped in molding the lives of the community. It also demonstrates how<br/>Architecture students embody the knowledge and skills acquired in school and how it is applied to improve community<br/>welfare.<br/>The Philippines is a third world country, and one of the main social issues is poverty. Numerous Filipinos lived in a<br/>state of being poor or not having enough money to take care of their basic needs. Because of this problem, affordable<br/>housing programs for low-income families must exist to help these less fortunate people. But the current trend proved that<br/>affordable housing program is not enough to accommodate all Filipinos living in poverty. And the existence of different<br/>programs and organizations for low-income housing are not enough to benefit all Filipinos that are in need because of the<br/>Worsening poverty, increasing urbanization, limited funds, housing maintenance costs etc.<br/>Because of these growing concerns, Architecture students embarked on this noble endeavor to help alleviate or<br/>minimize these social and economic problems, thus the Estudio Damgo was conceptualized. This is an outreach program<br/>to help benefit communities. By establishing partnerships with Dumaguete City government, a feasible multipurpose<br/>building integrating the use of indigenous and local materials and volunteer labor was materialized. It is feasible to build a<br/>functional design addressing the beneficiary's need, wants and vision for the community.<br/>Student architects shared their knowledge to a community and in return, they gained a hands-on design and<br/>construction experience. This exposure to real life project merges academic with professional practice to benefit a chosen<br/>community.<br/>The establishment of Estudio Damgo does not only train the students, but the program teaches sustainability by<br/>using indigenous materials like bamboo. Also the design emphasis is to relate to the context of site and surrounding<br/>buildings which in this case the multipurpose is exploring a combination of vernacular and contemporary architecture. The<br/>building converges with its context and community's "Sweetness of Life".<br/>The thesis project aims to benefit both the student architects and the community.
650 ## - SUBJECT ADDED ENTRY--TOPICAL TERM
Topical term or geographic name entry element Community centers
General subdivision Design and construction.
9 (RLIN) 12984
650 ## - SUBJECT ADDED ENTRY--TOPICAL TERM
Topical term or geographic name entry element Public architecture
Geographic subdivision Philippines.
9 (RLIN) 16925
650 ## - SUBJECT ADDED ENTRY--TOPICAL TERM
Topical term or geographic name entry element Community development.
9 (RLIN) 13585
650 ## - SUBJECT ADDED ENTRY--TOPICAL TERM
Topical term or geographic name entry element Disaster relief housing.
9 (RLIN) 16926
650 ## - SUBJECT ADDED ENTRY--TOPICAL TERM
Topical term or geographic name entry element Sustainable architecture.
9 (RLIN) 1901
650 ## - SUBJECT ADDED ENTRY--TOPICAL TERM
Topical term or geographic name entry element Architectural design.
9 (RLIN) 12776
658 ## - INDEX TERM--CURRICULUM OBJECTIVE
Main curriculum objective Specialization 3 (Project Management) :
Subordinate curriculum objective Architecture, Bachelor of Science in ;
Curriculum code ARC523.
700 ## - ADDED ENTRY--PERSONAL NAME
Personal name Lagrimas, Leigh Margareth B.,
Relator term author.
9 (RLIN) 12988
700 ## - ADDED ENTRY--PERSONAL NAME
Personal name Suasin, Daryl L.,
Relator term author.
9 (RLIN) 12989
900 #0 - CIA (Compiler, Indexer, Abstractor)
Relator code Sapalara, James O
942 ## - ADDED ENTRY ELEMENTS (KOHA)
Source of classification or shelving scheme Library of Congress Classification
Koha item type Thesis
Classification part LG 221 D35 A73
Item part A5 A73 2014 D53
Call number prefix DAFA (Arch-Th)
Suppress in OPAC No
Holdings
Withdrawn status Lost status Source of classification or shelving scheme Damaged status Not for loan Home library Current library Shelving location Date acquired Source of acquisition Total Checkouts Full call number Barcode Date last seen Price effective from Koha item type Accession Number
    Library of Congress Classification     Foundation University Library Foundation University Library Undergraduate Thesis 06/01/2026 Donated   DAFA (Arch-Th) LG 221 D35 A73 A5 A73 2014 D53 0052026007001 06/01/2026 06/01/2026 Thesis Arch-Th-2026001